| 000 | 00999nam a22003017a 4500 | ||
|---|---|---|---|
| 001 | 5427 | ||
| 003 | FISKH | ||
| 005 | 20241206104341.0 | ||
| 008 | 241206b cb ||||| |||| 00| 0 eng d | ||
| 020 | _a9781444915433 | ||
| 040 |
_aFISKH _beng _cFISKH _dFISKH |
||
| 050 | _aPZ7.M4786574 | ||
| 082 | _a823.92 | ||
| 100 | _aMcKay, Hilary | ||
| 245 |
_aBinny for shot / _cby by Hilary McKay |
||
| 250 | _aFirst published in Great Britain in 2013 | ||
| 260 |
_aLondon : _bHolder Children's Books : _c2013. |
||
| 300 |
_a292 pages : _billustrations , maps ; _c20 cm . |
||
| 490 |
_aBinny _vBook 1 |
||
| 505 | _aW | ||
| 520 | _aEleven-year-old Binny struggles to cope with her father's death and the loss of her beloved dog while she adjusts to a new home that might be haunted by her horrible Aunt Violet. | ||
| 521 | 8 |
_a850
_bLexile estimate |
|
| 521 | 8 |
_aW
_bRaz-Plus |
|
| 650 |
_afriendship _vFiction |
||
| 650 |
_adogs _vFiction |
||
| 942 |
_2ddc _cBK _n0 |
||
| 999 |
_c5427 _d5427 |
||